O gato de botas (Record no. 195587)

MARC details
000 -LÍDER
campo de controle de tamanho fixo 00528nam a22001817a 4500
001 - NÚMERO DE CONTROLE
campo de controle 195587
003 - IDENTIFICADOR DO NÚMERO DE CONTROLE
campo de controle OSt
005 - DATA E HORÁRIO DA ÚLTIMA TRANSAÇÃO
campo de controle 20240708163634.0
008 - CAMPO DE DADOS FIXOS--INFORMAÇÃO GERAL
campo de controle de tamanho fixo 240708b |||||||| |||| 00| 0 POR d
040 ## - FONTE DA CATALOGAÇÃO
Instituição da catalogação original Colégio Cândido Portinari
Idioma da catalogação Português
Instituição que transcreveu o registro Colégio Cândido Portinari
082 ## - CDD - CLASSIFICAÇÃO DECIMAL DE DEWEY
Número de Classificação 028.5
245 ## - TÍTULO
Título O gato de botas
Indicação de responsabilidade, etc. Ilustrações de T. Izawa e S. Hijikata
260 ## - PUBLICAÇÃO, DISTRIBUIÇÃO, ETC.
Local de publicação, distribuição, etc. Rio de Janeiro: Record, c1971.
300 ## - DESCRIÇÃO FÍSICA
Extensão 11p.: il.
490 ## - TÍTULO DA SÉRIE
Título da série Coleção Joinha
650 #0 - ASSUNTO--TERMO TÓPICO
Cabeçalho tópico ou nome geográfico Literatura Infantil
9 (RLIN) 448
942 ## - ELEMENTOS DE ENTRADA ADICIONADOS (KOHA)
Fonte da classificação ou esquema de arquivamento na estante
Tipo de material Koha Livros
Ocultar no OPAC Não
Holdings
Situação do descarte Situação das perdas Fonte da classificação ou esquema de arquivamento na estante Situação física Não pode ser emprestado Biblioteca de origem Biblioteca atual Data de aquisição Total de empréstimos Número de chamada completo Código de barras Data de último acesso Número do exemplar Data do preço efetivo Tipo de material Koha
          Portinari - Salvador Portinari - Salvador 25/07/1996   028.5 G261 1334/CCP 08/07/2024 Ex. 1 08/07/2024 Livros